Nejmenší hlavní města světa - extrém - Statistics

General Stats
  • This quiz has been taken 53 times
  • The average score is 14 of 58
Answer Stats
Populace Stát/území Hlavní město % Correct
453 Vatikán Vatikán
95%
4 061 San Marino San Marino
90%
22 873 Andorra Andorra la Vella
79%
38 350 Monako Monaco
71%
271 Palau Ngerulmud
55%
747 Nauru Yaren
48%
27 600 Tonga Nukuʻalofa
48%
6 320 Tuvalu Funafuti
45%
5 774 Lichtenštejnsko Vaduz
43%
20 000 Svatá Lucie Castries
43%
6 647 Mikronésie Palikir
40%
3 656 ⭐️ Americká Samoa (USA) Pago Pago
38%
12 909 Svatý Vincenc a Grenadiny Kingstown
38%
41 611 Samoa Apia
36%
14 000 Svatý Kryštof a Nevis Basseterre
36%
5 827 Malta Valletta
31%
26 450 Seychely Victoria
31%
22 219 Antigua a Barbuda St. John's
26%
34 003 ⭐️ Gibraltar (UK) Gibraltar
26%
14 725 Dominika Roseau
24%
27 797 Marshallovy ostrovy Majuro
24%
3 229 ⭐️ Svatý Martin (Francie) Marigot
24%
1 894 ⭐️ Svatý Martin (Nizozemsko) Philipsburg
24%
37 074 Trinidad a Tobago Port of Spain
24%
33 734 Grenada St. George's
21%
597 ⭐️ Niue (NZ) Alofi
21%
629 ⭐️ Svatá Helena (UK) Jamestown
21%
1 599 ⭐️ Vánoční ostrov (Australie) Flying Fish Cove
21%
28 294 ⭐️ Aruba (Nizozemsko) Oranjestad
19%
22 738 ⭐️ Faerské ostrovy (Dánsko) Tórshavn
19%
2 460 ⭐️ Falklandy (UK) Stanley
19%
1 051 ⭐️ Guam (USA) Hagåtña
19%
20 621 Belize Belmopan
17%
854 ⭐️ Bermudy (UK) Hamilton
17%
18 800 ⭐️ Grónsko (Denmark) Nuuk
17%
4 906 ⭐️ Cookovy ostrovy (NZ) Avarua
14%
40 ⭐️ Pitcairnovy ostrovy (UK) Adamstown
14%
26 926 ⭐️ Francouzská Polynésie (Francie) Papeete
12%
18 958 ⭐️ Guernsey (UK) Saint Peter Port
12%
27 938 ⭐️ ostrov Man (UK) Douglas
12%
341 ⭐️ Ostrov Norfolk (Australie) Kingston
12%
11 736 ⭐️ Alandy (Finsko) Mariehamn
10%
14 477 ⭐️ Americké Panenské ostrovy (USA) Charlotte Amalie
10%
12 603 ⭐️ Britské Panenské ostrovy (UK) Road Town
10%
37 540 ⭐️ Jersey (UK) Saint Helier
10%
34 399 ⭐️ Kajmanské ostrovy (UK) George Town
7%
134 ⭐️ Kokosové (Keelingovy) ostrovy (Australie) West Island
7%
3 720 ⭐️ Turks a Caicos (UK) Cockburn Town
7%
4 490 ⭐️ Montserrat (UK) Brades
5%
38 998 Palestina Ramallah
5%
47 565 ⭐️ Severní Mariany (USA) Saipan
5%
2 417 ⭐️ Špicberky (Norsko) Longyearbyen
5%
2 615 ⭐️ Svatý Bartoloměj (Francie) Gustavia
5%
541 ⭐️ Tokelau (NZ) Atafu
5%
1 029 ⭐️ Wallis a Futuna (Francie) Mata Utu
5%
1 067 ⭐️ Anguilla (UK) The Valley
2%
5 394 ⭐️ Saint Pierre a Miquelon (France) Saint-Pierre
2%
22 ⭐️ Jižní Georgie a Jižní Sandwichovy ostrovy (UK) King Edward Point
0%
No matching quizzes found
Score Distribution
Percent of People with Each Score
Percentile by Number Answered
Your Score History
You have not taken this quiz